Bilecik Bilecik Bilecik Bilecik Bilecik

Millet ve Türk milliyetçiliği/ (Record no. 9381)

MARC details
000 -BAŞLIK
Sabit Uzunluktaki Kontrol Alanı 01688nam a22003377a 4500
001 - KONTROL NUMARASI
Control Dosyası 0009409
003 - KONTROL NUMARASI KİMLİĞİ
Kontrol Alanı KOHA_MİRAKIL
005 - EN SON İŞLEM TARİHİ ve ZAMANI
Kontrol Alanı 20260207001708.0
007 - FİZİKSEL TANIM SABİT ALAN - GENEL BİLGİ
Sabit uzunluklu kontrol alanı ta
008 - SABİT UZUNLUKTAKİ VERİ ÖGELERİ - GENEL BİLGİ
Sabit Alan 091020b2007 tu |||gr||||#0|||0|tur |
020 ## - ISBN - ULUSLARARASI STANDART KİTAP NUMARASI
Isbn 9789754373493
040 ## - KATALOGLAMA KAYNAĞI
Özgün Kataloglama Kurumu TR-BiSEU
Kataloglama Dili tur
Çeviri Kurumu TR-BiSEU
Açıklama Kuralları rda
041 0# - DİL KODU
Metin ya da ses kaydının dil kodu tur
044 ## - YAYINLAYAN/ÜRETEN KURULUŞUN ÜLKE KODU
ISO country code tu
050 ## - SINIFLAMA ve YER NUMARASI
Sınıflama Numarası DR432
Yer Numarası .N59 2007
100 1# - KİŞİ ADI
Yazar Adı (Kişi adı) Niyazi, Mehmed.
245 1# - ESER ADI BİLDİRİMİ
Başlık Millet ve Türk milliyetçiliği/
Sorumluluk Bildirimi Mehmed Niyazi ; Mehmed Niyazi.
264 #1 - ÜRERİM, YAYIN, DAĞITIM ve TELİF BİLDİRİMİ
Yayın yeri İstanbul :
Yayınlayan Ötüken Neşriyat
Yayın tarihi 2007
300 ## - FİZİKSEL TANIMLAMA
Sayfa, Cilt vb. 213 sayfa; 20 cm.
336 ## - İÇERİK TÜRÜ
Content type term metin
Content type code txt
Source rdacontent
337 ## - MEDYA TÜRÜ
Media type term aracısız
Media type code n
Source rdamedia
338 ## - TAŞIYICI TÜRÜ
Carrier type term cilt
Carrier type code nc
Source rdacarrier
490 1# - DİZİ BİLDİRİMİ
Dizi Bildirimi Ötüken Yayınları ;
Cilt Numarası No.475.
490 1# - DİZİ BİLDİRİMİ
Dizi Bildirimi Kültür Serisi ;
Cilt Numarası No.192.
505 ## - İÇİNDEKİLER NOTU
İçindekiler Notu Dünyayı idrak etmiş, belli seviyeye gelmiş aydınların hemen hemen tamamı çağımızın "milliyetçilik çağı" olduğunu çok sık tekrar ederler. Milliyetçiliği bilmeden sosyolojik boyutlarıyla milleti ve hayatımızdaki rolünü yeterince anlamak mümkün değildir. Peki, milliyetçilik nedir? "Milletini sevmek" veya "milleti için çalışmak" tabirleri milliyetçiliği tanımlamak için yeterli midir? Elbette ki değildir. "Sevmek", "milleti için çalışmak" subjektif olaylardır; oysa "Ben milliyetçiyim" derken bir dünya görüşü ifade edilmektedir. Bir dünya görüşünü subjektif olaylarla açıklamaya imkân yoktur. O halde millet ve özel olarak Türk Milliyetçiliği nedir?
650 #0 - KONU BAŞLIĞI EK GİRİŞ - KONU TERİMİ
Konusal terim veya coğrafi ad Milliyetçilik--Türkiye.
9 (RLIN) 9679
830 1# - SERİ EK GİRİŞİ - TEKBİÇİM ESER ADI
Tekbiçim Başlık Ötüken Yayınları ;
Volume number/sequential designation No.475.
9 (RLIN) 10154
830 1# - SERİ EK GİRİŞİ - TEKBİÇİM ESER ADI
Tekbiçim Başlık Kültür Serisi ;
Volume number/sequential designation No.192.
9 (RLIN) 6554
907 ## - LOCAL DATA ELEMENT G, LDG (RLIN)
a Tarih
942 ## - EK GİRİŞ ÖGELERİ (KOHA)
Source of classification or shelving scheme Library of Congress Classification
Koha item type Book
Holdings
Materyal Türü Kalıcı Konum Mevcut Konum Raf Yeri Sınıflandırma Kaynağı Edinim Bilgisi Ana Konular Alt Konular Yer Numarası Demirbaş Numarası Fatura Tarihi Maliyet, Alış Fiyatı Maliyet, Yenileme Fiyatı Geri Çekilme Durumu Kayıp Durumu Hasarlı Durumu Kredi için değil Kayıt Tarih Toplam Ödünçverme Son Görülme Tarihi Son Kontrol Tarihi Genel / Bağış Notu
Book Prof. Dr. Azmi Özcan Kütüphanesi Prof. Dr. Azmi Özcan Kütüphanesi Uluğbey Salonu Library of Congress Classification Bağış DÜNYA TARİHİ (AVRUPA, ASYA, AFRİKA VB.) Balkan Yarımadası DR432 .N59 2007 0009409 13/08/2010 12.00 12.00         20/10/2009 9 05/12/2024 05/12/2024 Ötüken Yayınevi